Jelzálogos tartozás valorizálása
Elmentve itt :
| Szerző: | |
|---|---|
| Dokumentumtípus: | Cikk |
| Megjelent: |
1925
|
| Sorozat: | Polgári jog : a hazai és külföldi magánjog és hiteljog szemléje
1 |
| Kulcsszavak: | Hiteljog tartozás valorizálása |
| Online Access: | http://misc.bibl.u-szeged.hu/3779 |
| LEADER | 00608nab a2200169 i 4500 | ||
|---|---|---|---|
| 001 | misc3779 | ||
| 005 | 20191106143139.0 | ||
| 008 | 170607s1925 hu o 0|| hun d | ||
| 040 | |a SZTE Miscellanea Repozitórium |b hun | ||
| 041 | |a hun | ||
| 100 | 1 | |a Beck Salamon | |
| 245 | 1 | 0 | |a Jelzálogos tartozás valorizálása |h [elektronikus dokumentum] / |c Beck Salamon |
| 260 | |c 1925 | ||
| 300 | |a 72a | ||
| 490 | 0 | |a Polgári jog : a hazai és külföldi magánjog és hiteljog szemléje |v 1 | |
| 695 | |a Hiteljog tartozás valorizálása | ||
| 856 | 4 | 0 | |u http://misc.bibl.u-szeged.hu/3779/1/polgari_jog_1925_072a.pdf |z Dokumentum-elérés |